000 00636nam a2200217Ia 4500
001 5410
003 GE_BSU
008 181216s||||||||xx |||||||||||||| ||und||
040 _cGE_BSU
080 _a517(075.8)
100 _aКудрявцев В. А., Демидович. б П.
245 _aКраткий курс высшей математики.
245 _bУчеб. пособие для ос ун-тов
250 _a3-ье, перер идоп
260 _aМ
260 _bНаука,
260 _c1962
300 _a528 с.
653 _aКраткий курс высшей математики.
942 _cBK
999 _c38959
_d38959